000 00926nas a2200313 4500
001 BR0810525
003 BR-BrBNA
005 20231205112938.0
007 ta
008 230509b bl.|||p| |||| 00| 00por d
040 _aBR-BrBNA
_bpor
_cBiblioteca Nacional de Agricultura
041 _a(Pt)
072 _aP10
100 1 _aBarbosa, C.H.
100 1 _aCruz, A.V.A.
100 1 _aVelasco, M.
100 1 _aPacheco, M.A.C.
100 1 _aContreras, R.J.
100 1 _aBarros, M.
100 1 _aSouza, R.C.
100 1 _aMarques, V. da S.
100 1 _aDuarte, U.M.
245 1 _aModelo de previsão de vazão com informação de precipitação utilizando redes neurais
650 _aÁGUA
650 _aVAZÃO
773 0 _tRevista Brasileira de Recursos Hídricos (Brazil)
_xISSN 1414-381X
_g(Jul-Sep 2008), v. 12(3) p. 69-82
_wBR0810525
909 _a202311
_bLúcia
_c55
_dLúcia Elande
942 _2AGRIS
_n0
_cANA
999 _c200954
_d200954